| 000 | 01455nam a2200241Ia 4500 | ||
|---|---|---|---|
| 003 | Ost | ||
| 005 | 20260507075305.0 | ||
| 008 | 260507s9999||||xx |||||||||||||| ||und|| | ||
| 020 | _a61983399579 | ||
| 040 | _cfsecg | ||
| 041 | _aara | ||
| 082 | _a330 | ||
| 100 |
_aالحميري، موفق عدنان عبد الجبار _eمؤلف |
||
| 245 | 0 |
_aأساسيات التمويل و الاستثمار في صناعة السياحة / _c موفق عدنان عبد الجبار الحميري |
|
| 260 |
_aعمان: _bدار الوراق, _c2010 |
||
| 300 |
_a350 صفحة؛ _bإيضاحات ؛ _c25 سم |
||
| 520 | _aالسياحة و التنمية الاقتصادية ، أهمية التمويل للتنمية السياحية و سياسات منح القروض السياحية ، السياسات الاستثمارية و التنمية السياحية و تخطيط الاستثمارات الرأسمالية ، الاستثمار في المخزون الفندقي ، المفاضلة بين المشاريع السياحية ، دراسات الجدوى الاقتصادية للمشاريع السياحية و دور الدولة في تشريع الاستثمار السياحي ، الاستثمار السياحي في الاردن و الدول العربية. | ||
| 653 | _aالاستثمار | ||
| 653 | _aالتمويل | ||
| 653 | _aالتنمية الإقتصادية | ||
| 653 | _aالسياحة | ||
| 942 | _cكتاب | ||
| 999 |
_c43809 _d43809 |
||